000 00656nam a2200277Ia 4500
005 20260324132036.0
008 008 260324s9999 xx 000 0 eng d
020 _a9780429124419
037 _aEBOOK
040 _aCRL
040 _beng
040 _cCRL
041 _2eng
041 _aeng
084 _qCRL
100 _aCarlos J. Moreno; Samuel S. Wagstaff Jr.
_91187813
245 0 _aSums of Squares of Integers
260 _bTaylor and Francis
260 _c2005
365 _a
365 _b385
856 _uhttp://www.taylorfrancis.com/books/9780429124419
942 _cEBOOK
999 _c1785506
_d1785506